| 000 | 00479 a2200157 4500 | ||
|---|---|---|---|
| 001 | 37655 | ||
| 082 | _a620.1341 TSE | ||
| 090 |
_c23955 _d23955 |
||
| 100 | _aTSE, Francis S. | ||
| 245 |
_aMechanical vibrations: Theory and applications 2nd Ed _bTheory and applications _cFrancis S, TSE. |
||
| 250 | _a2nd | ||
| 260 |
_aLondon _bAllyn and Baecon Int. _c1978 |
||
| 300 |
_a450p. _bPhotocopy |
||
| 500 | _aBE text book Aerospace | ||
| 600 | _aIvan E. Morse, Rolland T. Hinkle. | ||
| 942 |
_aNUST-CAE _k620.1341 TSE |
||
| 999 |
_c272728 _d272728 |
||